Ročné zúčtovanie poistného na verejné zdravotné poistenie za rok 2008

Termíny vykonania ročného zúčtovania poistného na verejné zdravotné poistenie (RZZP). Podstata ročného zúčtovania poistného na verejné zdravotné poistenie. Oslobodenie poistencov od povinnosti vykonať RZZP zamestnanca. Postup zamestnanca, ak vykoná RZZP sám. Povinnosť SZČO vykonať a podať RZZP. Povi...

Celý popis

Uložené v:
Podrobná bibliografia
Hlavný autor: Strýčková, Jolana
Médium: Kapitola
Jazyk:Slovak
Predmet:
Tagy: Pridať tag
Žiadne tagy, Buďte prvý, kto otaguje tento záznam!

MARC

LEADER 00000naa$a2200000$$$4500
001 0096026
005 20231109100121.7
041 0 |a slo 
044 |a SK 
245 1 0 |a Ročné zúčtovanie poistného na verejné zdravotné poistenie za rok 2008  |c Jolana Strýčková 
520 |a Termíny vykonania ročného zúčtovania poistného na verejné zdravotné poistenie (RZZP). Podstata ročného zúčtovania poistného na verejné zdravotné poistenie. Oslobodenie poistencov od povinnosti vykonať RZZP zamestnanca. Postup zamestnanca, ak vykoná RZZP sám. Povinnosť SZČO vykonať a podať RZZP. Povinnosť samoplatiteľa vykonať a podať RZZP. Oznámenie zamestnávateľa o preplatkoch a nedoplatkoch za zamestnancov. Postup pri vyplňovaní tlačív - všeobecné zásady. Príklady vyplnených tlačív. 
610 2 0 |a poistenie zdravotné 
610 2 0 |a zúčtovanie 
610 2 0 |a poistníci 
610 2 0 |a poistné 
610 2 0 |a zamestnanci 
610 2 0 |a zamestnávatelia 
100 1 |a Strýčková, Jolana